000
002500000a22000970004500
100
1
_a
McGee, Gary B.
245
1
0
_a
Miracles and missions revisited
300
_a
Vol. 25, Núm 4 (2001), Páginas 146-156
773
0
_t
International Bulletin
942
_c
ANA
999
_c
57240
_d
57240